| 000 | 02088cam a22004814i 4500 | ||
|---|---|---|---|
| 003 | PE-LiUPU | ||
| 005 | 20250731173401.0 | ||
| 008 | 150706s r 000 0 d | ||
| 020 | _a9789875672789 | ||
| 035 | _a(Sirsi) i9789875672789 | ||
| 040 |
_aPE-LiUPU _bspa _cPE-LiUPU _erda |
||
| 049 | _aPRUA | ||
| 082 | 0 | 4 |
_a264 _bP66 _221 |
| 100 | 1 |
_aPlenc, Daniel Oscar, _eautor. |
|
| 245 | 1 | 3 |
_aEl culto que agrada a Dios : _bcriterios revelados acerca de la adoración / _cDirigido por Pablo M. Claverie. |
| 264 | 1 |
_aFlorida, Buenos Aires : _bEditorial Universidad Adventista del Plata, _c2007. |
|
| 300 |
_a159 páginas ; _c23 centímetros |
||
| 336 |
_atext _2rdacontent |
||
| 337 |
_aunmediated _2rdamedia |
||
| 338 |
_avolume _2rdacarrier |
||
| 504 | _aIncluye bibliografía. | ||
| 505 | 0 | _aRepensar el culto -- ¿Qué es la adoración? -- Adoración cartólica, protestante, carismática y adventista -- Dios y la adoración (I) -- Dios y la adoración (II) -- El hombre y la adoración -- Adoración y salvación -- Iglesia y adoración -- La adoración y los eventos finales -- Síntesis y conclución. | |
| 526 | _aSEG42 | ||
| 526 | _aSEG41 | ||
| 526 | _aSEG40 | ||
| 526 | _aSEG39 | ||
| 526 | _aP94 | ||
| 526 | _aP87 | ||
| 526 | _aP86 | ||
| 526 | _aP85 | ||
| 526 | _aP77 | ||
| 526 | _aP76 | ||
| 526 | _aP35 | ||
| 541 | _g001-000280; | ||
| 650 | 0 | 4 |
_aTeología bíblica. _91347 |
| 910 |
_bjv _cng |
||
| 942 |
_2ddc _cBOOK |
||
| 949 |
_a264 P66 _wDEWEY _c1 _i62591 _lCIA _mBWL _p6.00 _r1 _sY _tBOOK _u2015-7-6 _xWHITE _zUNKNOWN _o.STAFF. Colección General |
||
| 994 |
_aC0 _bPEPRU |
||
| 596 | _a1 4 | ||
| 999 |
_a264 P66 _wDEWEY _c51773 _iCW62591 _f2021-12-22 _g2 _lCCODECWL1 _mBWL _p6.00 _r0 _sY _tBOOK _u2015-7-6 _xWHITE _zUNKNOWN _o.STAFF. Colección General _d51773 |
||
| 999 |
_a230 P66 _wDEWEY _c1 _i59271 _d2019-8-28 _e2019-8-24 _f2021-11-9 _g3 _lCCODEBUL1 _mBUL _n2 _p10.00 _q1 _r0 _sY _tBOOK _u2018-7-18 _xTEOLOGIA _zUNKNOWN _0COMPRA _o.STAFF. Colección General |
||
| 980 |
_81 _gALBERTO SANCHEZ Responsable de Automatización |
||